Top 30 countries by beer consumption - Statistics

General Stats
  • This quiz has been taken 79 times
  • The average score is 21 of 30
Answer Stats
Answer Placement (l per capita) % Correct
Germany 4 (99)
98%
United Kingdom 23 (70,3)
95%
Austria 2 (107,8)
93%
Czech republic 1 (128)
93%
United States 20 (72,7)
93%
Belgium 26 (65,9)
89%
Netherlands 13 (79,3)
89%
Poland 5 (97,7)
85%
Spain 8 (88,8)
85%
Slovenia 12 (80)
84%
Ireland 7 (92,9)
82%
Mexico 22 (70,5)
82%
Slovakia 16 (76,1)
82%
Croatia 9 (85,5)
78%
Denmark 29 (59,8)
76%
Hungary 19 (73,7)
76%
Bulgaria 14 (78,7)
75%
Australia 17 (75,1)
73%
Estonia 11 (80,5)
73%
Lithuania 18 (74,4)
73%
Romania 3 (100,3)
71%
Finland 21 (72)
69%
Latvia 10 (81,4)
69%
New Zealand 27 (61)
67%
Bosnia&Herzegovina 24 (68,6)
58%
South africa 28 (60,1)
47%
Panama 15 (78,3)
24%
Namibia 6 (95,5)
13%
Cambodia 30 (59,2)
5%
Gabon 25 (67)
5%
No matching quizzes found
Score Distribution
Percent of People with Each Score
Percentile by Number Answered
Your Score History
You have not taken this quiz